| 000 | 00525nam a2200169 4500 | ||
|---|---|---|---|
| 001 | 116287 | ||
| 003 | ES-MaACL | ||
| 005 | 20230906190657.0 | ||
| 007 | t| | ||
| 008 | 061121s1961 sp r ||||1| spa d | ||
| 100 | 1 |
_aParkinson, C. Northcote. _989190 |
|
| 245 | 1 | 3 |
_aLa Ley de Parkinson y otros ensayos / _cNorthcote C. Parkinson ; versión castellana por Jaime Gras. |
| 260 |
_aBarcelona : _bAriel, _c1961. |
||
| 300 |
_a158 p. : _bil ; _c21 cm. |
||
| 700 | 1 |
_aGras, Jaime. _959678 |
|
| 852 |
_aES-MaACL _jC-20573 _bR.49110 |
||
| 999 |
_c116287 _d116287 |
||